Completa il Proverbio #1 - Statistics

Statistiche generali
  • Questo quiz è stato fatto 4.732 volte
  • Il punteggio medio è 20 su 30
Statistiche sulle risposte
Proverbio Parola % Corretto
L'erba del ______ è sempre più verde Vicino
98%
Occhio non vede, _____ non duole Cuore
95%
Chi non risica, non ______ Rosica
95%
Non rimandare a ______ quello che puoi fare oggi Domani
94%
Meglio un uovo oggi che una _______ domani Gallina
92%
Una mela al giorno toglie il ______ di torno Medico
91%
Rosso di sera, bel _____ si spera Tempo
91%
Natale con i tuoi, ______ con chi vuoi Pasqua
86%
Il sole bacia i _____ Belli
82%
Cielo a pecorelle, acqua a _________ Catinelle
79%
Il diavolo fa le _______ ma non i coperchi Pentole
79%
Volere la _____ piena e la moglie ubriaca Botte
78%
Il _______ ha l'oro in bocca Mattino
72%
Mogli e ____ dei paesi tuoi Buoi
71%
Se son ____ fioriranno Rose
68%
Gallina _______ fa buon brodo Vecchia
68%
Tanto va la gatta al _____ che ci lascia lo zampino Lardo
67%
Il ____ abbonda sul viso degli stolti Riso
62%
La madre degli imbecilli è sempre _______ Incinta
60%
Del ______ non si butta via niente Maiale
59%
Passare dalla _______ alla brace Padella
58%
Una _______ non fa primavera Rondine
56%
L'____ è il padre dei vizi Ozio
47%
La lingua batte dove il _____ duole Dente
44%
La gatta __________ fa i gattini ciechi Frettolosa
42%
Bacco, tabacco e ______ riducono l'uomo in cenere Venere
33%
Essere come il _____ sui maccheroni Cacio
27%
La pioggia di ______ rinfresca il bosco Agosto
24%
Rosa di mattina, la ________ si avvicina Tempesta
24%
Per un _____ Martin perse la cappa Punto
18%
Nessun quiz corrispondente trovato
Distribuzione punteggi
Percentuale di utenti per punteggio
Percentile per numero di risposta
I tuoi punteggi nel tempo
Non hai fatto questo quiz